000 00455pab a2200169 454500
008 180718b2001 xxu||||| |||| 00| 0 eng d
100 _aDoe, Sondra Seung Ja
245 _aComparative review of children's rights and womens rights in Korea
260 _c2001
300 _ap.111-16
362 _aJun
650 _aRights of the child - Korea
650 _aWomens rights - Korea
650 _aWomens rights
773 _aDevelopment
909 _a49687
999 _c49687
_d49687